The pilgrimage : (Record no. 17807)
[ view plain ]
| 000 -LEADER | |
|---|---|
| fixed length control field | 01246cam a22003615i 4500 |
| 001 - CONTROL NUMBER | |
| control field | 008780605 |
| 003 - CONTROL NUMBER IDENTIFIER | |
| control field | EG-ScBUE |
| 005 - DATE AND TIME OF LATEST TRANSACTION | |
| control field | 20200308133853.0 |
| 008 - FIXED-LENGTH DATA ELEMENTS--GENERAL INFORMATION | |
| fixed length control field | 970310s2004 nyub g 000 1 eng d |
| 020 ## - INTERNATIONAL STANDARD BOOK NUMBER | |
| International Standard Book Number | 9780060736293 |
| 040 ## - CATALOGING SOURCE | |
| Original cataloging agency | EG-ScBUE |
| Language of cataloging | eng |
| Description conventions | rda |
| Transcribing agency | EG-ScBUE |
| Modifying agency | EG-ScBUE |
| 041 1# - LANGUAGE CODE | |
| Language code of text/sound track or separate title | eng |
| Language code of original and/or intermediate translations of text | por |
| 043 ## - GEOGRAPHIC AREA CODE | |
| Geographic area code | e-sp--- |
| 082 04 - DEWEY DECIMAL CLASSIFICATION NUMBER | |
| Classification number | 869.342 |
| Item number | COE |
| Edition number | 22 |
| 100 1# - MAIN ENTRY--PERSONAL NAME | |
| Personal name | Coelho, Paulo, |
| Relator term | author. |
| 9 (RLIN) | 7189 |
| 245 14 - TITLE STATEMENT | |
| Title | The pilgrimage : |
| Remainder of title | a contemporary quest for ancient wisdom / |
| Statement of responsibility, etc | Paulo Coelho ; translated by Alan Clarke. |
| 250 ## - EDITION STATEMENT | |
| Edition statement | International edition. |
| 264 #1 - PUBLICATION, DISTRIBUTION, ETC. (IMPRINT) | |
| Place of publication, distribution, etc | New York : |
| Name of publisher, distributor, etc | Harper Collins Publishers, |
| Date of publication, distribution, etc | 2004. |
| 300 ## - PHYSICAL DESCRIPTION | |
| Extent | 265 pages : |
| Other physical details | maps ; |
| Dimensions | 18 cm. |
| 336 ## - CONTENT TYPE | |
| Content type term | text |
| Content type code | txt |
| Source | rdacontent |
| 337 ## - MEDIA TYPE | |
| Media type term | unmediated |
| Media type code | n |
| Source | rdamedia |
| 338 ## - CARRIER TYPE | |
| Carrier type term | volume |
| Carrier type code | nc |
| Source | rdacarrier |
| 490 0# - SERIES STATEMENT | |
| Series statement | Harper fiction |
| 546 ## - LANGUAGE NOTE | |
| Language note | Text in English ; translated from the Portuguese. |
| 650 #7 - SUBJECT ADDED ENTRY--TOPICAL TERM | |
| Topical term or geographic name as entry element | Pilgrims and pilgrimages |
| Geographic subdivision | Spain |
| -- | Santiago de Compostela. |
| Source of heading or term | BUEsh |
| 9 (RLIN) | 34587 |
| 650 #7 - SUBJECT ADDED ENTRY--TOPICAL TERM | |
| Topical term or geographic name as entry element | Portuguese fiction |
| Chronological subdivision | 21st century. |
| Source of heading or term | BUEsh |
| 9 (RLIN) | 34584 |
| 651 #7 - SUBJECT ADDED ENTRY--GEOGRAPHIC NAME | |
| Geographic name | Spain |
| General subdivision | Fiction. |
| Source of heading or term | BUEsh |
| 9 (RLIN) | 34588 |
| 653 ## - INDEX TERM--UNCONTROLLED | |
| Resource For college | Humanities: English |
| Arrived date list | December2013 |
| 653 ## - INDEX TERM--UNCONTROLLED | |
| Resource For college | Humanities: English |
| Arrived date list | March2020 |
| 700 1# - ADDED ENTRY--PERSONAL NAME | |
| Personal name | Clarke, Alan R., |
| Relator term | translator. |
| 9 (RLIN) | 34582 |
| 942 ## - ADDED ENTRY ELEMENTS (KOHA) | |
| Source of classification or shelving scheme | Dewey Decimal Classification |
| Koha item type | Book - Borrowing |
| Withdrawn status | Lost status | Source of classification or shelving scheme | Damaged status | Not for loan | Collection code | Home library | Current library | Shelving location | Date acquired | Source of acquisition | Cost, normal purchase price | Total Checkouts | Total Renewals | Full call number | Barcode | Date last seen | Date checked out | Cost, replacement price | Price effective from | Koha item type | Checked out |
|---|---|---|---|---|---|---|---|---|---|---|---|---|---|---|---|---|---|---|---|---|---|
| Dewey Decimal Classification | سور الازبكية | Central Library | Central Library | Second Floor | 09/12/2013 | 25.00 | 3 | 1 | 869.342 COE | 000035140 | 15/07/2025 | 17/02/2020 | 31.25 | 09/12/2013 | Book - Borrowing | ||||||
| Dewey Decimal Classification | Central Library | Central Library | Second Floor | 16/05/2018 | 1 | 869.342 COE | 000047777 | 16/02/2020 | 16/02/2020 | 16/05/2018 | Book - Borrowing | 17/03/2020 | |||||||||
| Dewey Decimal Classification | unknown | Central Library | Central Library | Second Floor | 08/03/2020 | Purchase | 869.342 COE | 000048927 | 15/07/2025 | 08/03/2020 | NB - Book (Non borrowing) |